[Event "Copenhagen Ch"]
[Site "Copenhagen"]
[Date "2003.02.09"]
[Round "3"]
[White "Pilgaard, Kim"]
[Black "Christensen, Bo Garner"]
[Result "1/2-1/2"]
[WhiteElo "2437"]
[BlackElo "2201"]
[PlyCount "72"]
[EventDate "2003.02.07"]
[EventType "swiss"]
[EventRounds "9"]
[EventCountry "DEN"]

1. e4 c5 2. Nf3 e6 3. d4 cxd4 4. Nxd4 Nc6 5. Nc3 Qc7 6. Be3 a6 7. Qd2 Nf6 8. f3
b5 9. O-O-O Bb7 10. g4 d6 11. a3 Be7 12. h4 Ne5 13. g5 Nfd7 14. h5 Rc8 15. Be2
Nc4 16. Bxc4 Qxc4 17. Nb3 b4 18. axb4 Qxb4 19. Bd4 e5 20. Be3 Nb6 21. Bxb6 Qxb6
22. g6 fxg6 23. hxg6 h6 24. Kb1 Rf8 25. Nd5 Bxd5 26. Qxd5 Qc6 27. Qd3 Rf6 28.
Rhg1 Bd8 29. Rg2 Qc4 30. Qd2 Bb6 31. Nc1 Bd4 32. Ne2 Bxb2 33. Kxb2 Qb5+ 34. Kc1
Qa4 35. c3 Qa1+ 36. Kc2 Qa2+ 1/2-1/2

[Event "Copenhagen Ch"]
[Site "Copenhagen"]
[Date "2003.02.09"]
[Round "4"]
[White "Rasmussen, Christian Ejnar"]
[Black "Thrane, Jens"]
[Result "1-0"]
[WhiteElo "1635"]
[BlackElo "1518"]
[PlyCount "69"]
[EventDate "2003.02.07"]
[EventType "swiss"]
[EventRounds "9"]
[EventCountry "DEN"]

1. d4 Nf6 2. Nc3 e6 3. e4 c5 4. d5 exd5 5. exd5 d6 6. Nf3 a6 7. a4 Qe7+ 8. Be2
Bg4 9. O-O Nbd7 10. Re1 Bxf3 11. Bxf3 Ne5 12. Be2 g5 13. Bxg5 Rg8 14. f4 Rxg5
15. fxg5 Nfd7 16. Qd2 O-O-O 17. Ne4 Bg7 18. Rab1 Nb6 19. b3 f5 20. gxf6 Bxf6
21. c4 Bh4 22. g3 Rg8 23. Kh1 Bg5 24. Nxg5 Rxg5 25. a5 Nbd7 26. b4 h5 27. b5 h4
28. bxa6 hxg3 29. a7 gxh2 30. a8=Q+ Nb8 31. Qxg5 Qxg5 32. Qxb7+ Kd8 33. Qxb8+
Ke7 34. Rb7+ Kf6 35. Qf8+ 1-0

[Event "Copenhagen Ch"]
[Site "Copenhagen"]
[Date "2003.02.13"]
[Round "8"]
[White "Rasmussen, Christian Ejnar"]
[Black "Moller, Arne"]
[Result "0-1"]
[WhiteElo "1635"]
[BlackElo "2018"]
[PlyCount "126"]
[EventDate "2003.02.07"]
[EventType "swiss"]
[EventRounds "9"]
[EventCountry "DEN"]

1. d4 Nf6 2. Nc3 d5 3. e4 dxe4 4. f3 exf3 5. Nxf3 g6 6. Bc4 Bg7 7. Be3 O-O 8.
Qd2 a6 9. Bh6 b5 10. Bxg7 Kxg7 11. Bd3 Bb7 12. Qf4 Qd6 13. Qh4 Qe6+ 14. Kd2 Qg4
15. Qxg4 Nxg4 16. Ne4 Nd7 17. Rhf1 Ngf6 18. Nxf6 Nxf6 19. Rae1 e6 20. g3 Rad8
21. c3 Rd6 22. Ne5 Nd7 23. h4 Nxe5 24. Rxe5 Rd5 25. Rfe1 Rfd8 26. Kc2 Rxe5 27.
Rxe5 Rd5 28. Re3 Rd6 29. g4 f6 30. g5 f5 31. Re5 Kf7 32. b4 Bd5 33. a3 Rd8 34.
Kd2 h6 35. gxh6 Rh8 36. h5 Rxh6 37. hxg6+ Rxg6 38. Bxf5 Rg2+ 39. Ke3 c6 40. Be4
Ra2 41. Bxd5 cxd5 42. Rh5 Rxa3 43. Kd3 a5 44. bxa5 Rxa5 45. Kc2 Kg6 46. Rh8 Kf5
47. Kb3 Ke4 48. Re8 Ra6 49. Kb4 Rc6 50. Kxb5 Rxc3 51. Rxe6+ Kxd4 52. Kb4 Rc4+
53. Kb3 Kd3 54. Rh6 Re4 55. Rh3+ Kd4 56. Kc2 Re2+ 57. Kd1 Re3 58. Rh4+ Kd3 59.
Ra4 d4 60. Ra3+ Ke4 61. Rxe3+ Kxe3 62. Ke1 d3 63. Kd1 d2 0-1

[Event "Copenhagen Ch"]
[Site "Copenhagen"]
[Date "2003.02.08"]
[Round "2"]
[White "Rasmussen, Christian Ejnar"]
[Black "Paaske, Asger"]
[Result "1/2-1/2"]
[WhiteElo "1635"]
[BlackElo "2117"]
[PlyCount "131"]
[EventDate "2003.02.07"]
[EventType "swiss"]
[EventRounds "9"]
[EventCountry "DEN"]

1. d4 Nf6 2. Nc3 d5 3. e4 dxe4 4. f3 c5 5. Bb5+ Bd7 6. dxc5 Qa5 7. Bxd7+ Nbxd7
8. a3 exf3 9. Nxf3 Qxc5 10. Qe2 Qb6 11. b4 e6 12. Be3 Qc6 13. Bd4 Rc8 14. O-O
Be7 15. Rac1 O-O 16. Nb5 a6 17. Nc3 Bd8 18. Kh1 e5 19. Nxe5 Nxe5 20. Qxe5 Bc7
21. Qf5 Qd6 22. Bg1 Qe5 23. Qxe5 Bxe5 24. Na4 b5 25. Rce1 Bxh2 26. Nb6 Bd6 27.
Nxc8 Rxc8 28. Bd4 Nh5 29. Kg1 f6 30. c3 Kf7 31. Rf3 Nf4 32. Rfe3 h5 33. g3 Nd5
34. Rf3 Ne7 35. Kg2 Ng6 36. Rf5 h4 37. g4 Nf4+ 38. Kf3 Ne6 39. Rd5 Bg3 40. Rc1
Bf4 41. Rd1 h3 42. Rd7+ Kg6 43. Re7 Nxd4+ 44. Kxf4 Nc2 45. Rdd7 Rg8 46. Kg3
Nxa3 47. Kxh3 Nb1 48. Rc7 Kh6 49. Kg3 g5 50. Re6 Kg6 51. Rxa6 Rd8 52. Raa7 Rd3+
53. Kf2 f5 54. Rg7+ Kh6 55. gxf5 Kh5 56. Ke2 Rd6 57. Rac7 Rf6 58. Rgf7 Nxc3+
59. Kf3 g4+ 60. Kg3 Rxf7 61. Rxf7 Kg5 62. Rf8 Nd5 63. Rb8 Nxb4 64. Rxb5 Nc2 65.
Rd5 Ne3 66. Ra5 1/2-1/2

[Event "Copenhagen Ch"]
[Site "Copenhagen"]
[Date "2003.02.14"]
[Round "9"]
[White "Sandbech, Ted"]
[Black "Ohayv, Nikolaj"]
[Result "0-1"]
[WhiteElo "1519"]
[BlackElo "1704"]
[PlyCount "76"]
[EventDate "2003.02.07"]
[EventType "swiss"]
[EventRounds "9"]
[EventCountry "DEN"]

1. Nf3 d5 2. d4 e6 3. c4 c5 4. e3 Nf6 5. Nc3 Nc6 6. cxd5 exd5 7. Bb5 a6 8. Be2
Be7 9. dxc5 Bxc5 10. O-O O-O 11. a3 h6 12. b4 Ba7 13. Bb2 Be6 14. Qc2 Rc8 15.
Rfd1 Qe7 16. Rac1 Rfd8 17. Qb1 d4 18. Nxd4 Nxd4 19. exd4 Bxd4 20. Bf3 Ba7 21.
Rxd8+ Rxd8 22. Rd1 Re8 23. h3 Bc4 24. Nd5 Nxd5 25. Bxd5 Bxd5 26. Rxd5 Qe1+ 27.
Qxe1 Rxe1+ 28. Kh2 Bxf2 29. Rd8+ Kh7 30. Rd7 Kg6 31. Rxb7 h5 32. h4 Re4 33. g3
Re2 34. Bxg7 Kxg7 35. b5 a5 36. Kg2 Bc5+ 37. Kf3 Re3+ 38. Kf4 Rxa3 0-1

[Event "Copenhagen Ch"]
[Site "Copenhagen"]
[Date "2003.02.12"]
[Round "7"]
[White "Sandbech, Ted"]
[Black "Dogru, Latif"]
[Result "1-0"]
[WhiteElo "1519"]
[BlackElo "1323"]
[PlyCount "63"]
[EventDate "2003.02.07"]
[EventType "swiss"]
[EventRounds "9"]
[EventCountry "DEN"]

1. Nf3 d5 2. d4 Nf6 3. c4 c6 4. Nc3 Bf5 5. Bf4 dxc4 6. e3 e6 7. a4 Bb4 8. Nd2
Nd5 9. Nxd5 cxd5 10. Bxb8 Rxb8 11. a5 O-O 12. Be2 c3 13. bxc3 Bxc3 14. Ra2 Bxa5
15. O-O Bxd2 16. Qxd2 a6 17. f4 Qd7 18. Bd3 Bxd3 19. Qxd3 Rfc8 20. h3 Rc4 21.
f5 Rbc8 22. f6 g6 23. Qe2 Qd8 24. Raa1 Qf8 25. Rf4 Rc1+ 26. Rxc1 Rxc1+ 27. Kh2
Qd6 28. Qg4 e5 29. dxe5 Qxe5 30. Qd7 h5 31. Qd8+ Kh7 32. Qf8 1-0

[Event "Copenhagen Ch"]
[Site "Copenhagen"]
[Date "2003.02.08"]
[Round "2"]
[White "Sandbech, Ted"]
[Black "Petersen, Nils"]
[Result "0-1"]
[WhiteElo "1519"]
[BlackElo "2024"]
[PlyCount "54"]
[EventDate "2003.02.07"]
[EventType "swiss"]
[EventRounds "9"]
[EventCountry "DEN"]

1. Nf3 c5 2. e4 Nc6 3. Bc4 e6 4. O-O d6 5. d4 cxd4 6. Nxd4 Nf6 7. Nc3 Be7 8.
Re1 e5 9. Nxc6 bxc6 10. Bb3 O-O 11. Bg5 Ng4 12. Bxe7 Qxe7 13. h3 Nh6 14. Qd2
Be6 15. Ba4 Rac8 16. Rad1 Rfd8 17. f4 f5 18. Qf2 fxe4 19. fxe5 d5 20. Bb3 Rf8
21. Qe2 Rf5 22. Qa6 Rxe5 23. Ne2 Qg5 24. Kh1 Qh4 25. Ng1 Ng4 26. Nf3 exf3 27.
Rxe5 fxg2+ 0-1

[Event "Copenhagen Ch"]
[Site "Copenhagen"]
[Date "2003.02.13"]
[Round "8"]
[White "Schidt, Niels Christian"]
[Black "Andersen, Niels Erik"]
[Result "1/2-1/2"]
[WhiteElo "2054"]
[BlackElo "2022"]
[PlyCount "22"]
[EventDate "2003.02.07"]
[EventType "swiss"]
[EventRounds "9"]
[EventCountry "DEN"]

1. e4 e6 2. Nf3 d5 3. e5 c5 4. d3 Nc6 5. Qe2 f6 6. exf6 Nxf6 7. c4 Be7 8. g3
O-O 9. Bg2 dxc4 10. dxc4 Nd4 11. Qd1 Nxf3+ 1/2-1/2

[Event "Copenhagen Ch"]
[Site "Copenhagen"]
[Date "2003.02.09"]
[Round "3"]
[White "Schidt, Niels Christian"]
[Black "Ohayv, Nikolaj"]
[Result "1-0"]
[WhiteElo "2054"]
[BlackElo "1704"]
[PlyCount "53"]
[EventDate "2003.02.07"]
[EventType "swiss"]
[EventRounds "9"]
[EventCountry "DEN"]

1. e4 e5 2. Nf3 Nc6 3. Bb5 a6 4. Ba4 b5 5. Bb3 Be7 6. d4 exd4 7. Nxd4 Nxd4 8.
Qxd4 Bf6 9. Qd5 Nh6 10. Qxa8 c6 11. Qa7 d5 12. exd5 O-O 13. Nc3 Re8+ 14. Be3
cxd5 15. O-O-O Bxc3 16. bxc3 Be6 17. Bxh6 gxh6 18. Qxa6 b4 19. cxb4 Qf6 20. Kb1
Rc8 21. Rhe1 Qc3 22. Re3 Qc7 23. Rxe6 fxe6 24. Qxe6+ Kh8 25. Rxd5 Qc3 26. Rc5
Rxc5 27. Qg8# 1-0

[Event "Copenhagen Ch"]
[Site "Copenhagen"]
[Date "2003.02.10"]
[Round "5"]
[White "Schidt, Niels Christian"]
[Black "Olsen, Miriam Frida"]
[Result "1-0"]
[WhiteElo "2054"]
[BlackElo "1895"]
[PlyCount "125"]
[EventDate "2003.02.07"]
[EventType "swiss"]
[EventRounds "9"]
[EventCountry "DEN"]

1. e4 c5 2. Nf3 d6 3. d4 cxd4 4. Nxd4 Nf6 5. f3 g6 6. Bb5+ Bd7 7. a4 Nc6 8. Be3
Bg7 9. O-O O-O 10. Nc3 a6 11. Nxc6 bxc6 12. Bc4 Qa5 13. Rb1 Qb4 14. Qd3 a5 15.
Rfd1 Rfd8 16. Ne2 d5 17. exd5 Bf5 18. Qb3 Qxb3 19. Bxb3 cxd5 20. g4 Be6 21. Nf4
h6 22. h4 Rab8 23. g5 hxg5 24. hxg5 Nh5 25. Nxd5 Bxd5 26. Bxd5 e6 27. Bb3 Rxd1+
28. Rxd1 Bxb2 29. Rd7 Bc3 30. Rc7 Bb4 31. Bd4 Bd2 32. Be5 Rd8 33. Kf2 Bxg5 34.
Bc3 Bh4+ 35. Ke3 Bg3 36. Rc4 g5 37. Bxa5 Bf4+ 38. Kf2 Rd1 39. Ke2 Rd7 40. Rc8+
Kh7 41. Rd8 Ra7 42. Bc3 Rc7 43. Kd3 Kg6 44. a5 Bg3 45. Bd4 e5 46. Bb6 Nf4+ 47.
Kd2 Rb7 48. Bc4 Ne6 49. Bxe6 fxe6 50. c4 e4 51. fxe4 Bb8 52. c5 Kf6 53. c6 Bf4+
54. Ke2 Rh7 55. Rd7 Rh2+ 56. Kf1 Rh1+ 57. Kg2 Rc1 58. c7 Rc2+ 59. Kf1 Rc1+ 60.
Ke2 Rc2+ 61. Kd3 Rc6 62. Bd4+ Kg6 63. e5 1-0

[Event "Copenhagen Ch"]
[Site "Copenhagen"]
[Date "2003.02.07"]
[Round "1"]
[White "Schidt, Niels Christian"]
[Black "Rasmussen, Christian Ejnar"]
[Result "1-0"]
[WhiteElo "2054"]
[BlackElo "1635"]
[PlyCount "55"]
[EventDate "2003.02.07"]
[EventType "swiss"]
[EventRounds "9"]
[EventCountry "DEN"]

1. e4 c6 2. d4 d5 3. exd5 cxd5 4. c4 Nf6 5. Nc3 e6 6. Nf3 Nc6 7. c5 Be7 8. Bd3
O-O 9. a3 a6 10. Bf4 b5 11. b4 Bb7 12. h3 Nd7 13. O-O Re8 14. Re1 Nf8 15. Rb1
Ng6 16. Bg3 Bf8 17. a4 bxa4 18. Nxa4 f6 19. Nb6 Ra7 20. Qc2 Kf7 21. h4 e5 22.
Bxg6+ hxg6 23. dxe5 Bc8 24. Nxc8 Qxc8 25. h5 gxh5 26. exf6 Rxe1+ 27. Rxe1 g6
28. Ng5+ 1-0

[Event "Copenhagen Ch"]
[Site "Copenhagen"]
[Date "2003.02.09"]
[Round "4"]
[White "Schmidt, Horst Hubert"]
[Black "Petersen, Nils"]
[Result "1/2-1/2"]
[WhiteElo "1980"]
[BlackElo "2024"]
[PlyCount "150"]
[EventDate "2003.02.07"]
[EventType "swiss"]
[EventRounds "9"]
[EventCountry "DEN"]

1. d4 Nf6 2. Nf3 e6 3. e3 b6 4. Be2 Bb7 5. O-O c5 6. c4 cxd4 7. exd4 d5 8. Ne5
Be7 9. Qa4+ Nbd7 10. cxd5 exd5 11. Bb5 a6 12. Bxd7+ Nxd7 13. Nc6 Bxc6 14. Qxc6
O-O 15. Qxd5 Nf6 16. Qxd8 Rfxd8 17. Be3 Nd5 18. Nc3 Nxc3 19. bxc3 Rdc8 20. Rfc1
Rc4 21. Kf1 Rac8 22. Bd2 Ba3 23. Rcb1 b5 24. Rb3 Ra4 25. Ke2 Kf8 26. Kd3 Ke7
27. Re1+ Kd7 28. Re2 Bd6 29. Be1 f5 30. h3 g5 31. f3 h5 32. g4 fxg4 33. fxg4
hxg4 34. hxg4 Bf4 35. Rbb2 Rac4 36. Re4 Rh8 37. Rbe2 Rh6 38. Re7+ Kd6 39. Ra7
Ra4 40. Rb7 Rh3+ 41. Ke4 Rh8 42. Kf5 Rf8+ 43. Kg6 Rc8 44. Kf7 Kd5 45. Rd7+ Kc4
46. d5 Kd3 47. Rb2 Rh8 48. Rb4 Rxa2 49. Rd4+ Ke3 50. Re7+ Kf3 51. d6 Bxd6 52.
Rxd6 Rh7+ 53. Ke8 Rxe7+ 54. Kxe7 Re2+ 55. Kf6 Rxe1 56. Kxg5 Rg1 57. Rf6+ Ke4
58. Rxa6 Kd5 59. Rf6 Rg3 60. Rb6 Kc5 61. Rb8 Rxc3 62. Kf6 Rf3+ 63. Ke5 Re3+ 64.
Kf4 Re1 65. g5 Rg1 66. Kf5 b4 67. g6 Kc4 68. Rb7 b3 69. g7 b2 70. Ke4 Kc3 71.
Ke3 Rxg7 72. Rxg7 b1=Q 73. Rc7+ Kb2 74. Rb7+ Kc2 75. Rxb1 Kxb1 1/2-1/2

[Event "Copenhagen Ch"]
[Site "Copenhagen"]
[Date "2003.02.11"]
[Round "6"]
[White "Schmidt, Horst Hubert"]
[Black "Hansen, Lars Henrik Bech"]
[Result "0-1"]
[WhiteElo "1980"]
[BlackElo "2087"]
[PlyCount "130"]
[EventDate "2003.02.07"]
[EventType "swiss"]
[EventRounds "9"]
[EventCountry "DEN"]

1. d4 g6 2. Nf3 Nf6 3. e3 Bg7 4. Be2 O-O 5. O-O b6 6. c4 d6 7. Nc3 Bb7 8. Nd2
e5 9. Bf3 Bxf3 10. Qxf3 Nbd7 11. d5 a5 12. e4 Nc5 13. Qe2 Nh5 14. Nb3 Na6 15.
Be3 Qh4 16. Qd2 Qe7 17. f3 f5 18. Bg5 Bf6 19. Bh6 Rf7 20. g4 Ng7 21. g5 f4 22.
gxf6 Qxf6 23. Bxg7 Rxg7 24. a3 g5 25. Kh1 h5 26. Qg2 g4 27. Rg1 Qh4 28. Rad1
Kh8 29. fxg4 hxg4 30. Nd2 Rag8 31. Nf3 gxf3 32. Qxf3 Rg3 33. Rxg3 Rxg3 34. Qf2
Nc5 35. b4 axb4 36. axb4 Nb3 37. Ne2 Qh5 38. Rb1 Re3 39. Ng1 Nd4 40. Ra1 Qh7
41. Ra8+ Kg7 42. Rc8 Kf6 43. Rf8+ Ke7 44. Rc8 Kd7 45. Rf8 Qxe4+ 46. Qg2 Qxg2+
47. Kxg2 Rc3 48. h4 Ke7 49. Rh8 Rxc4 50. h5 Kf7 51. Rh7+ Kg8 52. Re7 Rc2+ 53.
Kf1 f3 54. h6 Rh2 55. Rxc7 e4 56. h7+ Kh8 57. Rd7 Nf5 58. Rf7 Ne3+ 59. Ke1 Rxh7
60. Rf6 Rh1 61. Rxd6 Ng4 62. Rd8+ Kg7 63. Kd2 Rxg1 64. Re8 f2 65. Rxe4 f1=Q 0-1

[Event "Copenhagen Ch"]
[Site "Copenhagen"]
[Date "2003.02.08"]
[Round "2"]
[White "Schmidt, Horst Hubert"]
[Black "Dogru, Latif"]
[Result "1-0"]
[WhiteElo "1980"]
[BlackElo "1323"]
[PlyCount "61"]
[EventDate "2003.02.07"]
[EventType "swiss"]
[EventRounds "9"]
[EventCountry "DEN"]

1. e4 c5 2. Nf3 Nc6 3. c4 d6 4. Nc3 Nf6 5. d3 Bg4 6. Be2 e6 7. O-O Be7 8. Be3
O-O 9. a3 d5 10. cxd5 exd5 11. e5 d4 12. exf6 Bxf6 13. Bxd4 Nxd4 14. Nxd4 cxd4
15. Ne4 Bxe2 16. Qxe2 Re8 17. Qg4 Rc8 18. Rac1 Rxc1 19. Rxc1 Kf8 20. Qf5 Kg8
21. h3 Be7 22. Rc4 g6 23. Qb5 f5 24. Rxd4 Qxd4 25. Qxe8+ Bf8 26. Qe6+ Kg7 27.
Ng5 h5 28. Qf7+ Kh6 29. Ne6 Qxb2 30. Qxf8+ Qg7 31. Qxg7# 1-0

[Event "Copenhagen Ch"]
[Site "Copenhagen"]
[Date "2003.02.13"]
[Round "8"]
[White "Schmidt, Horst Hubert"]
[Black "Kaaber Hansen, Jacob"]
[Result "0-1"]
[WhiteElo "1980"]
[BlackElo "2022"]
[PlyCount "110"]
[EventDate "2003.02.07"]
[EventType "swiss"]
[EventRounds "9"]
[EventCountry "DEN"]

1. e4 e5 2. Nf3 Nc6 3. c3 Nf6 4. d3 d5 5. Qc2 Be7 6. Bg5 h6 7. Bxf6 Bxf6 8.
exd5 Qxd5 9. Be2 Bf5 10. Qb3 O-O-O 11. c4 Qa5+ 12. Nbd2 Nb4 13. O-O Bxd3 14. a3
Bxe2 15. axb4 Qb6 16. c5 Qe6 17. Qxe6+ fxe6 18. Rfe1 Ba6 19. c6 Bb5 20. cxb7+
Kxb7 21. Nb3 e4 22. Nc5+ Kb8 23. Nxe4 Bxb2 24. Ra2 Bd4 25. Nc5 Bc3 26. Rb1 e5
27. Ra5 c6 28. h3 g5 29. Ra3 Bd4 30. Nxd4 exd4 31. Rd1 Rhe8 32. Ra2 d3 33. Rdd2
Re2 34. Rab2 Kc7 35. Kh2 Kb6 36. Nb3 Rd5 37. Kg3 Re4 38. Nc1 a5 39. bxa5+ Kxa5
40. f3 Rb4 41. Ra2+ Kb6 42. Ra3 c5 43. Na2 Rbd4 44. Nc3 Rd7 45. Rb3 Rb4 46.
Rxb4 cxb4 47. Nd1 Re7 48. Nf2 Re2 49. Rd1 Kc5 50. Rb1 d2 51. Ne4+ Rxe4 52. fxe4
Be2 53. Kf2 d1=Q 54. Rxd1 Bxd1 55. e5 b3 0-1

[Event "Copenhagen Ch"]
[Site "Copenhagen"]
[Date "2003.02.08"]
[Round "2"]
[White "Skjoldan, Benjamin"]
[Black "Naes, Flovin Tor"]
[Result "1/2-1/2"]
[WhiteElo "2091"]
[BlackElo "2283"]
[PlyCount "107"]
[EventDate "2003.02.07"]
[EventType "swiss"]
[EventRounds "9"]
[EventCountry "DEN"]

1. d4 d5 2. c4 e6 3. g3 Nf6 4. Nf3 c5 5. cxd5 exd5 6. Bg2 Nc6 7. O-O cxd4 8.
Nxd4 Be7 9. b3 O-O 10. Bb2 Re8 11. Nd2 Qb6 12. N2f3 Ne4 13. a3 Bf6 14. b4 Bg4
15. Rb1 Nxd4 16. Nxd4 Rac8 17. Qd3 Bh5 18. Rbc1 Rxc1 19. Rxc1 Bxe2 20. Qxe2
Bxd4 21. Bxd4 Qxd4 22. Bxe4 dxe4 23. Qb5 Kf8 24. Qc5+ Qxc5 25. Rxc5 f6 26. Kf1
Kf7 27. Ke2 b6 28. Rc4 f5 29. Ke3 g5 30. h4 h6 31. Rc6 Re6 32. Rc7+ Re7 33. Rc6
Kg7 34. h5 Rd7 35. Ke2 Rd3 36. Rc7+ Kf6 37. Rxa7 f4 38. Rh7 f3+ 39. Ke1 Kf5 40.
Rxh6 e3 41. fxe3 Kg4 42. Rg6 Kh3 43. Rxg5 Kg2 44. Rf5 Rxe3+ 45. Kd2 Rxa3 46. h6
Kxg3 47. h7 Ra2+ 48. Ke3 Rh2 49. Rf7 Rh6 50. Ke4 Re6+ 51. Kd3 Rh6 52. Ke3 Re6+
53. Kd3 Rh6 54. Ke3 1/2-1/2

[Event "Copenhagen Ch"]
[Site "Copenhagen"]
[Date "2003.02.14"]
[Round "9"]
[White "Skjoldan, Benjamin"]
[Black "Hansen, Lars Henrik Bech"]
[Result "1-0"]
[WhiteElo "2091"]
[BlackElo "2087"]
[PlyCount "85"]
[EventDate "2003.02.07"]
[EventType "swiss"]
[EventRounds "9"]
[EventCountry "DEN"]

1. d4 g6 2. c4 Nf6 3. g3 Bg7 4. Bg2 O-O 5. Nf3 d6 6. O-O c6 7. b3 Qa5 8. Bb2
Qh5 9. Nbd2 Bh3 10. e4 Ng4 11. Re1 Nd7 12. e5 dxe5 13. dxe5 Bxg2 14. Kxg2 Ndxe5
15. Bxe5 Bxe5 16. h3 Nxf2 17. Rxe5 Qxe5 18. Kxf2 Qc5+ 19. Kg2 Rad8 20. Qe2 e5
21. Ne4 Qe7 22. c5 Rd5 23. b4 f5 24. Nd6 e4 25. Nd2 Qg5 26. Nf1 Rd3 27. Re1 b5
28. a4 a6 29. Qa2+ Kg7 30. axb5 axb5 31. Qe6 Qh5 32. Qe7+ Kg8 33. Ne8 Rxg3+ 34.
Kxg3 Qf3+ 35. Kh2 Qf2+ 36. Kh1 Rf7 37. Nf6+ Kg7 38. Nh5+ gxh5 39. Qg5+ Kf8 40.
Ra1 Rg7 41. Qd8+ Kf7 42. Ra7+ Kg6 43. Qd6+ 1-0

[Event "Copenhagen Ch"]
[Site "Copenhagen"]
[Date "2003.02.09"]
[Round "4"]
[White "Skjoldan, Benjamin"]
[Black "Busk, Casper"]
[Result "1-0"]
[WhiteElo "2091"]
[BlackElo "2076"]
[PlyCount "71"]
[EventDate "2003.02.07"]
[EventType "swiss"]
[EventRounds "9"]
[EventCountry "DEN"]

1. d4 Nf6 2. c4 c5 3. Nf3 e6 4. g3 b6 5. d5 exd5 6. cxd5 d6 7. Bg2 g6 8. O-O
Bg7 9. Nc3 O-O 10. Re1 Re8 11. e4 Nbd7 12. Qc2 a6 13. a4 Rb8 14. Nd2 b5 15. h3
Nb6 16. f4 Nbxd5 17. Nxd5 Nxd5 18. axb5 Bd4+ 19. Kh2 Ne3 20. Rxe3 Bxe3 21. bxa6
Ra8 22. a7 Qd7 23. Nc4 Bxc1 24. Nb6 Qc6 25. Nxa8 Bb7 26. e5 d5 27. Qxc1 Rxa8
28. Ra5 Rc8 29. b4 cxb4 30. Qxc6 Bxc6 31. Rc5 b3 32. Bxd5 b2 33. Rxc6 Rxc6 34.
a8=Q+ Kg7 35. Qb7 Rc2+ 36. Bg2 1-0

[Event "Copenhagen Ch"]
[Site "Copenhagen"]
[Date "2003.02.11"]
[Round "6"]
[White "Skjoldan, Benjamin"]
[Black "Aabling Thomsen, Jakob"]
[Result "1-0"]
[WhiteElo "2091"]
[BlackElo "2181"]
[PlyCount "145"]
[EventDate "2003.02.07"]
[EventType "swiss"]
[EventRounds "9"]
[EventCountry "DEN"]

1. d4 Nf6 2. c4 e6 3. g3 c5 4. Nf3 cxd4 5. Nxd4 Nc6 6. Bg2 Be7 7. O-O O-O 8. b3
a6 9. Bb2 Qc7 10. Nc3 d6 11. e3 Bd7 12. Rc1 Rac8 13. Qe2 Rfd8 14. Rfd1 Qb8 15.
Ba3 Bf8 16. h3 Nxd4 17. exd4 b5 18. Ne4 Nxe4 19. Bxe4 Bc6 20. d5 exd5 21. cxd5
Bb7 22. Rxc8 Qxc8 23. Bg2 Re8 24. Qd3 Qd7 25. Bb4 Bc8 26. Kh2 Qf5 27. Qxf5 Bxf5
28. Rc1 Re2 29. g4 Be4 30. Bxe4 Rxe4 31. a3 Rd4 32. Rc6 Rxd5 33. Rxa6 Rd3 34.
Ra8 g6 35. Rc8 f6 36. Bc3 Kf7 37. a4 b4 38. Bxb4 Rxb3 39. Rb8 Be7 40. Rb7 Rb2
41. Kg2 Ke6 42. a5 Ra2 43. Rb6 f5 44. a6 fxg4 45. hxg4 h5 46. gxh5 gxh5 47. Bc5
Ke5 48. Be3 d5 49. Rb7 Bf6 50. a7 d4 51. Bd2 Kd5 52. Rb5+ Kc6 53. Ba5 Kxb5 54.
a8=Q Rxa5 55. Qd5+ Kb4 56. Qd6+ Kc4 57. Qxf6 d3 58. Qf4+ Kc3 59. Qc7+ Kb4 60.
Qd8 Ra3 61. Qd4+ Ka5 62. f4 Ra2+ 63. Kh3 d2 64. Kh4 Kb5 65. Kxh5 Kc6 66. Kg6
Kc7 67. Kg7 Kc8 68. Kf8 Kc7 69. Ke7 Kc8 70. Qd7+ Kb8 71. Kd8 Ka8 72. Qd5+ Kb8
73. Qb3+ 1-0

[Event "Copenhagen Ch"]
[Site "Copenhagen"]
[Date "2003.02.12"]
[Round "7"]
[White "Skjoldan, Benjamin"]
[Black "Pilgaard, Kim"]
[Result "0-1"]
[WhiteElo "2091"]
[BlackElo "2437"]
[PlyCount "34"]
[EventDate "2003.02.07"]
[EventType "swiss"]
[EventRounds "9"]
[EventCountry "DEN"]

1. d4 Nf6 2. c4 e6 3. g3 c5 4. Nf3 cxd4 5. Nxd4 Qc7 6. b3 Bb4+ 7. Bd2 Bc5 8.
Bc3 O-O 9. Bg2 d5 10. O-O dxc4 11. bxc4 Rd8 12. Nb5 Qe7 13. Qb3 Nc6 14. a4 e5
15. Nd2 Bf5 16. Rfd1 a6 17. Na3 Bxf2+ 0-1

[Event "Copenhagen Ch"]
[Site "Copenhagen"]
[Date "2003.02.07"]
[Round "1"]
[White "Thrane, Jens"]
[Black "Skjoldan, Benjamin"]
[Result "0-1"]
[WhiteElo "1518"]
[BlackElo "2091"]
[PlyCount "120"]
[EventDate "2003.02.07"]
[EventType "swiss"]
[EventRounds "9"]
[EventCountry "DEN"]

1. d4 Nf6 2. c4 g6 3. Nc3 Bg7 4. e4 d6 5. Bd3 e5 6. d5 O-O 7. Nge2 Nbd7 8. b4
a5 9. b5 b6 10. Ng3 Nc5 11. Bc2 Ne8 12. Bb2 f5 13. f3 f4 14. Nge2 Qh4+ 15. Kd2
Qf2 16. Qg1 Qxg1 17. Nxg1 g5 18. h3 h5 19. Na4 Nxa4 20. Bxa4 Nf6 21. Ne2 Bh6
22. Nc3 Kh7 23. Bc2 Rg8 24. a4 Bd7 25. Rag1 Rg6 26. Ne2 Rag8 27. Kc3 g4 28.
hxg4 hxg4 29. Kb3 Kg7 30. Bc3 Kf7 31. Be1 Bf8 32. Bf2 gxf3 33. gxf3 Rg2 34.
Rxg2 Rxg2 35. Rf1 Bh3 36. Ng1 Bd7 37. Bd1 Nh5 38. Ne2 Be7 39. Be1 Rh2 40. Rg1
Bh3 41. Nc1 Bg2 42. Nd3 Bg5 43. Nf2 Nf6 44. Be2 Bh4 45. Ng4 Nxg4 46. Bxh4 Rxh4
47. Rxg2 Ne3 48. Rg1 Rh2 49. Re1 Rf2 50. Kc3 Ng2 51. Kd2 Nxe1 52. Kxe1 Rh2 53.
Kd2 Kg6 54. Ke1 Kg5 55. Kd2 Kh4 56. Kd1 Kg3 57. Ke1 Rxe2+ 58. Kxe2 Kg2 59. c5
dxc5 60. d6 cxd6 0-1

[Event "Copenhagen Ch"]
[Site "Copenhagen"]
[Date "2003.02.10"]
[Round "5"]
[White "Thrane, Jens"]
[Black "Christensen, Aage Niels"]
[Result "1-0"]
[WhiteElo "1518"]
[BlackElo "1272"]
[PlyCount "93"]
[EventDate "2003.02.07"]
[EventType "swiss"]
[EventRounds "9"]
[EventCountry "DEN"]

1. d4 Nf6 2. c4 g6 3. Nc3 d5 4. cxd5 Nxd5 5. e4 Nxc3 6. bxc3 Bg7 7. Rb1 c5 8.
Be3 O-O 9. Bc4 Nc6 10. Ne2 Na5 11. Bd3 cxd4 12. cxd4 Bd7 13. O-O Rc8 14. Qd2 b6
15. Rfc1 Rxc1+ 16. Qxc1 Qc8 17. Nc3 Be6 18. Nb5 a6 19. d5 Bd7 20. Na7 Qxc1+ 21.
Rxc1 b5 22. Rc7 Rd8 23. Bb6 Nc4 24. Bxc4 bxc4 25. Rxc4 Rb8 26. Be3 Bd4 27. Rc1
Bg7 28. Nc6 Bxc6 29. dxc6 Be5 30. g3 Bc7 31. Kg2 a5 32. Bf4 e5 33. Bh6 Rc8 34.
a4 f6 35. f4 Kf7 36. Rd1 Rd8 37. Rd7+ Rxd7 38. cxd7 Ke7 39. Kf3 Kxd7 40. f5 g5
41. h4 gxh4 42. g4 Bd8 43. Kg2 Kc6 44. Be3 Bb6 45. Bxb6 Kxb6 46. g5 Kc6 47. g6
1-0

[Event "Copenhagen Ch"]
[Site "Copenhagen"]
[Date "2003.02.12"]
[Round "7"]
[White "Thrane, Jens"]
[Black "Schmidt, Horst Hubert"]
[Result "0-1"]
[WhiteElo "1518"]
[BlackElo "1980"]
[PlyCount "104"]
[EventDate "2003.02.07"]
[EventType "swiss"]
[EventRounds "9"]
[EventCountry "DEN"]

1. d4 Nf6 2. c4 g6 3. Nc3 Bg7 4. e4 d6 5. Nge2 O-O 6. Ng3 e5 7. d5 Ng4 8. f3
Nh6 9. Bd3 f5 10. exf5 Nxf5 11. Nxf5 Bxf5 12. O-O Na6 13. a3 Qh4 14. Ne4 Bxe4
15. Bxe4 Nc5 16. Qc2 a5 17. Be3 Nd7 18. b4 b6 19. Qf2 Qxf2+ 20. Kxf2 h6 21. b5
g5 22. Ke2 Rf6 23. Rf2 Raf8 24. h3 Kf7 25. a4 Bh8 26. Rh1 Rg8 27. g4 Ke8 28.
Bf5 Nf8 29. Rhf1 h5 30. Bxg5 Rxg5 31. f4 exf4 32. Rxf4 hxg4 33. hxg4 Rh6 34.
R1f2 Be5 35. Re4 Ng6 36. Kd3 Rh3+ 37. Re3 Rxe3+ 38. Kxe3 Nh4 39. Be6 Bg3 40.
Rf7 Re5+ 41. Kd3 Ng2 42. Kd4 Nf4 43. Rxc7 Nxe6+ 44. dxe6 Bf2+ 45. Kd3 Rxe6 46.
g5 Rg6 47. Ke4 Rxg5 48. Kf4 Re5 49. Rc6 Bc5 50. Rxc5 bxc5 51. b6 Kd7 52. b7 Kc7
0-1

[Event "Copenhagen Ch"]
[Site "Copenhagen"]
[Date "2003.02.14"]
[Round "9"]
[White "Thrane, Jens"]
[Black "Dogru, Latif"]
[Result "1-0"]
[WhiteElo "1518"]
[BlackElo "1323"]
[PlyCount "65"]
[EventDate "2003.02.07"]
[EventType "swiss"]
[EventRounds "9"]
[EventCountry "DEN"]

1. d4 Nf6 2. c4 e6 3. f3 c5 4. d5 exd5 5. cxd5 d6 6. e4 g6 7. Nc3 Bg7 8. Bc4 a6
9. a4 Nbd7 10. Nge2 Ne5 11. Bb3 O-O 12. O-O Rb8 13. Ng3 b5 14. axb5 axb5 15.
Rf2 c4 16. Bc2 b4 17. Nce2 Qb6 18. Nf1 Ba6 19. Be3 Qb7 20. Nf4 Rfc8 21. Ra4 c3
22. b3 Nfd7 23. Nd3 Nxd3 24. Bxd3 Bxd3 25. Qxd3 Nc5 26. Bxc5 Rxc5 27. Rfa2 c2
28. Rxc2 Rxc2 29. Qxc2 Rc8 30. Qd1 Qb5 31. Ne3 Bd4 32. Qxd4 Rc1+ 33. Kf2 1-0